Zavádění automatizovaných informačních systémů pro řízení /

Gespeichert in:
Bibliographische Detailangaben
1. Verfasser: Gargulák, Zdeněk (Verfasst von)
Format: Buch
Sprache:Tschechisch
Veröffentlicht: Praha : Institut řízení, 1975
Schlagworte:
Tags: Tag hinzufügen
Keine Tags, Fügen Sie das erste Tag hinzu!

MARC

LEADER 00000nam a22000003a 4500
001 stu36367
005 20150617225727.4
008 920602s1975----cs------------------cze-d
040 |a STU  |b slo 
041 0 |a cze 
044 |a cs 
080 |a 002 
080 |a 681.3 
100 1 |a Gargulák, Zdeněk  |4 aut 
245 1 |a Zavádění automatizovaných informačních systémů pro řízení /  |c [aut.]Zdeněk Gargulák 
260 |a Praha :  |b Institut řízení,  |c 1975 
300 |a 49 s 
650 7 |a systémy informačné  |2 stusub 
650 7 |a automatizácia  |2 stusub 
996 |b 284M011916  |c M*5955-1  |l MMKN  |s A  |a 24  |w stu36367_0001